000 00458nam a22001337a 4500
999 _c23309
_d23309
003 NUST
005 20170706111926.0
008 170706b xxu||||| |||| 00| 0 eng d
020 _a9780470858400
040 _aDLC
_bDLC
_cRCMS
050 _a629.132 RWI
082 _a629.132 RWI
100 _aRwright Jan
_93164
245 _aIntroduction to Aircraft Aeroelasticity Loads
260 _aUSA
_bJohn Wiley & Sons Inc.,
_c2009
300 _a531
_bHB
942 _cBK
_2ddc
_h629.132 RWI